Sinnawnna / (Record no. 5716)
[ view plain ]
| 000 -LEADER | |
|---|---|
| fixed length control field | 00401nam a22001697a 4500 |
| 003 - CONTROL NUMBER IDENTIFIER | |
| control field | GBCCL |
| 005 - DATE AND TIME OF LATEST TRANSACTION | |
| control field | 20241126110548.0 |
| 008 - FIXED-LENGTH DATA ELEMENTS--GENERAL INFORMATION | |
| fixed length control field | 180404b ||||| |||| 00| 0 eng d |
| 040 ## - CATALOGING SOURCE | |
| Transcribing agency | gbc |
| 082 ## - DEWEY DECIMAL CLASSIFICATION NUMBER | |
| Classification number | VER 415.5 |
| Item number | PAU |
| 100 ## - MAIN ENTRY--PERSONAL NAME | |
| Personal name | Pauli |
| 9 (RLIN) | 10324 |
| 245 ## - TITLE STATEMENT | |
| Title | Sinnawnna / |
| Statement of responsibility, etc. | Pauli |
| 260 ## - PUBLICATION, DISTRIBUTION, ETC. | |
| Place of publication, distribution, etc. | Imphal: |
| Name of publisher, distributor, etc. | Author, |
| Date of publication, distribution, etc. | 2003 |
| 300 ## - PHYSICAL DESCRIPTION | |
| Extent | 212 p.; |
| Other physical details | ill., |
| Dimensions | 23 cm. |
| 650 ## - SUBJECT ADDED ENTRY--TOPICAL TERM | |
| Topical term or geographic name entry element | Grammar |
| 9 (RLIN) | 10325 |
| 942 ## - ADDED ENTRY ELEMENTS (KOHA) | |
| Source of classification or shelving scheme | Dewey Decimal Classification |
| Koha item type | Books |
| Withdrawn status | Lost status | Source of classification or shelving scheme | Damaged status | Not for loan | Collection | Home library | Current Library | Shelving location | Date acquired | Total checkouts | Full call number | Barcode | Date last seen | Copy number | Price effective from | Koha item type |
|---|---|---|---|---|---|---|---|---|---|---|---|---|---|---|---|---|
| Dewey Decimal Classification | GRACE BIBLE COLLEGE | GRACE BIBLE COLLEGE | Vernacular | 2018-04-04 | VER 415.5 PAU | 013262 | 2025-05-01 | c.2 | 2018-04-04 | Books | ||||||
| Dewey Decimal Classification | GRACE BIBLE COLLEGE | GRACE BIBLE COLLEGE | Vernacular | 2018-04-04 | VER 415.5 PAU | 013263 | 2025-05-01 | c.3 | 2018-04-04 | Books | ||||||
| Dewey Decimal Classification | GRACE BIBLE COLLEGE | GRACE BIBLE COLLEGE | Vernacular | 2018-04-04 | VER 415.5 PAU | 010072 | 2025-05-01 | c.1 | 2018-04-04 | Books | ||||||
| Dewey Decimal Classification | GRACE BIBLE COLLEGE | GRACE BIBLE COLLEGE | Vernacular | 2018-04-05 | VER 415.5 PAU | 010074 | 2025-05-01 | c.4 | 2018-04-05 | Books |